Shams-e-Tabrizi: (Record no. 182907)

MARC details
000 -LEADER
fixed length control field 00644 a2200193 4500
005 - DATE AND TIME OF LATEST TRANSACTION
control field 20211209144516.0
010 ## - LCCN (DPL NO)
LC control number ENG-130255
020 ## - INTERNATIONAL STANDARD BOOK NUMBER
Terms of availability 2574.30
International Standard Book Number 978-93-80077-17-8
035 ## - SYSTEM CONTROL NUMBER
System control number EN-113787
037 ## - SOURCE OF ACQUISITION
Source of stock number/acquisition DBAD / PUB
082 ## - DEWEY DECIMAL CLASSIFICATION NUMBER
Classification number 297.4092
245 ## - TITLE STATEMENT
Title Shams-e-Tabrizi:
Statement of responsibility, etc Translated by Farida Maleki
250 ## - EDITION STATEMENT
Edition statement 2011
260 ## - PUBLICATION, DISTRIBUTION, ETC. (IMPRINT)
Place of publication, distribution, etc New Delhi
Name of publisher, distributor, etc G.P.S. Bhalla, Secreatary, Science Of The Soul Research Centre
Date of publication, distribution, etc 2011
270 ## - ADDRESS
Address C/O Radha Soami Satsang Beas, 5 Guru Ravi Dass Marg, Pusa Road
City New Delhi
Postal code 110005
300 ## - PHYSICAL DESCRIPTION
Extent 353p.
Dimensions 23cm (hbk)
700 ## - ADDED ENTRY--PERSONAL NAME
Personal name Farida Maleki
942 ## - ADDED ENTRY ELEMENTS (KOHA)
Institution code [OBSOLETE] dpl
Item type English Books
Source of classification or shelving scheme Dewey Decimal Classification
Classification part 297.4092
Call number suffix SHA
Holdings
Withdrawn status Lost status Not for loan Collection code Home library Current library Date acquired Source of acquisition Cost, normal purchase price Full call number Barcode Copy number Cost, replacement price Koha item type
      Non-fiction Shahdara Branch Shahdara Branch 09/12/2021 DBAD/PUB 2574.30 297.4092 SHA EN-113787 1 2574.30 English Books

© Delhi Public Library
Hit Counter
free hit counter